| 000 | 00908nam a2200265 a 4500 | ||
|---|---|---|---|
| 008 | |||
| 020 | _a0471952842 (pbk.) | ||
| 049 | _aMAIN | ||
| 090 | _aQ175.5 | ||
| 245 | 0 | 0 |
_aScience for the earth : _bcan science make the world a better place? / _cedited by Tom Wakeford and Martin Walters ; foreword by Stephen Hawking. |
| 260 |
_aChichester : _bWiley, _c1995. |
||
| 300 |
_axx, 370 p. : _bill. ; _c20 cm. |
||
| 504 | _aIncludes bibliographical references. | ||
| 500 | _aIncludes index. | ||
| 650 | 0 |
_aScience _xSocial aspects _xPopular works. |
|
| 650 | 0 |
_aScience _xEnvironmental aspects _xPopular works. |
|
| 650 | 0 |
_aEnvironmental sciences _xPopular works. |
|
| 700 | 1 | _aWakeford, Tom. | |
| 700 | 1 | _aWalters, Martin. | |
| 907 |
_a.b10039296 _b04-09-03 _c17-04-03 |
||
| 003 | |||
| 005 | 20230123133205.0 | ||
| 040 | _cNUST | ||
| 942 |
_cBOOKS _kQ175.5 |
||
| 999 |
_c144298 _d144298 |
||